000 00613nam a2200253Ia 4500
003 OSt
005 20221005122545.0
006 a|||||r|||| 00| 0
007 ta
008 221004b |||||||| |||| 00| 0 eng d
024 _a47251
037 _cTextual
040 _aCRL
_cCRL
_beng
041 _2eng
_aeng
082 _aO111,3NPA,1, 31H5
100 _aPaine
_9632179
245 0 _aKalai piral
260 _c1945
300 _a70p.
_ccm.
650 _a TAMIL LANGUAGE
650 _aENGLISH FICTION
942 _hO111,3NPA,1, 31H5
_cTEXL
_2cc
999 _c1044641
_d1044641